000 00789nam a2200217 i 4500
001 77616
003 ES-MaACL
005 20230906173312.0
007 t|
008 041027s2002 pr ||||1| spa d
020 _a0-8477-0090-9
080 _a929 López-Baralt, Luce (082.2)
080 _a929 López-Baralt, Mercedes (082.2)
100 1 _aMejías López, William.
_979876
245 1 0 _aMorada de la palabra
_b: homenaje a Luce y Mercedes López-Baralt /
_cWilliam Mejías López.
260 _aSan Juan de Puerto Rico :
_bUniversidad de Puerto Rico,
_c2002.
300 _a2 v. ;
_c25 cm.
600 1 4 _aLópez Baralt, Luce-
_vHomenaje.
_973437
600 1 4 _aLópez Baralt, Mercedes-
_vHomenaje.
_973440
852 _aES-MaACL
_jE-10162-3
_bR.134397
999 _c77616
_d77616